Bankovníctvo v Slovenskej republike odvetvové štúdie

Enregistré dans:
Détails bibliographiques
Auteur principal: Pilková, Anna
Autres auteurs: Blecha, Ľubomír, Tikl, Vladimír
Format: Livre
Langue:slovaque
Publié: Bratislava Elita 1995
Sujets:
Tags: Ajouter un tag
Pas de tags, Soyez le premier à ajouter un tag!

MARC

LEADER 00000nam a2200000 4500
001 c012579
005 20221220115244.5
020 |a 80-80044-000-X 
041 0 |a slo 
044 |a SK 
245 1 0 |a Bankovníctvo v Slovenskej republike  |b odvetvové štúdie  |c Anna Pilková, Ľubomír Blecha 
264 1 |a Bratislava  |b Elita  |c 1995 
300 |a 83 s. 
610 2 0 |a bankovníctvo 
610 2 0 |a Slovensko 
610 2 0 |a doprava cestná 
610 2 0 |a podnikanie súkromné 
610 2 0 |a legislatíva 
100 1 |a Pilková, Anna 
700 1 |a Blecha, Ľubomír 
700 1 |a Tikl, Vladimír